01049nam a2200205 a 450000100100000000500170001000800410002702000150006804000250008310000310010824503370013926000320047630000210050849000380052950000760056770000330064383000450067695201050072199900170082600004394120201002045045.0140509s1974 sp 000 0 spa d a842641107X aDO-SdBNPbspacBNPHU1 aWeiss, Peterd1916-97187510aDiscurso sobrelos antecedentes y desarrollo de la interminable guerra de liberación del Vietnam como ejemplo de la necesidad de la lucha armada de los oprimidos contra sus opresores así como de los intentos de los Estados Unidos de América para destruir las bases de la revolución /cPeter Weiss; traducción Mireia Bofill. aBarcelona, :bLumen,c1974. a252 p. ;c19 cm.1 aPalabra en el tiempoaTeatrov107 aIncluye datos biografícos del autor en la solapa de la contraportada.12aBofill, Mireiaetrad.933542 0aPalabra en el tiempogTeatron107971876 001050718MOaGRbGRcCTd2014-05-09iLF1l0o p43941-10r2020-06-25w2020-06-25y1ZNo se presta c43430d43430